Logo BPK

Biblioteka

Politechniki Koszalińskiej

Kernel two / (Rekord nr 32067)

Szczegóły MARC
000 -ETYKIETA REKORDU
podpole kontrolne o stałej długości 00801nam a2200265 i 4500
001 - NUMER KONTROLNY REKORDU
pole kontrolne bg
020 ## - MIĘDZYNARODOWY ZNORMALIZOWANY NUMER KSIĄŻKI - ISBN
ISBN 8301094397
020 ## - MIĘDZYNARODOWY ZNORMALIZOWANY NUMER KSIĄŻKI - ISBN
ISBN 0582516420 (oryg.)
040 ## - ŹRÓDŁO KATALOGOWANIA
Instytucja, która utworzyła rekord BPK
041 0# - KOD JĘZYKA
Kod języka tekstu en
080 ## - UNIWERSALNA KLASYFIKACJA DZIESIĘTNA - UKD
UKD 811.11(07)
920 ## - Międzynarodowy znormalizowany numer książki – ISBN
ISBN 83-01-09439-7
920 ## - Międzynarodowy znormalizowany numer książki – ISBN
ISBN 0-582-51642-0 (oryg.)
008 - POLE O STAŁEJ DŁUGOŚCI - DANE KONTROLNE
podpole kontrolne o stałej długości s pl f |000 0 pol
100 1# - NAZWA OSOBOWA
Nazwa osobowa O'NEILL, Robert
245 10 - TYTUŁ/ODPOWIEDZIALNOŚĆ
Tytuł Kernel two /
Pozostałe elementy strefy tytułu i oznaczenia odpowiedzialności Robert O'Neill ; with listening practice contributions by Claire Woolford.
Oznaczenie części/sekcji dzieła [1],
Tytuł części/sekcji dzieła Students' book.
260 ## - STREFA ADRESU WYDAWNICZEGO
Miejsce wydania Warszawa :
Nazwa wydawcy/dystrybutora [Wydaw. Naukowe] PWN,
Data publikacji, dystrybucji/powstania dokumentu 1996=
Nazwa wydawcy/dystrybutora Polish Scientific Publ.
300 ## - STREFA OPISU FIZYCZNEGO
Objętość [5], 123 s. :
Inne cechy fizyczne rys. ;
Rozmiary 25 cm.
500 ## - UWAGI OGÓLNE
Tekst uwagi Repr., oryg. : Harlow : Longman, 1985.
504 ## - UWAGA DOTYCZĄCA BIBLIOGRAFII
Informacje o bibliografii Indeks.
650 #9 - HASŁO PRZEDMIOTOWE W FORMIE NAZWY OGÓLNEJ LUB JEDNOSTKOWEJ
Nazwa ogólna lub geograficzna Język angielski
655 ## - TERMIN INDEKSOWY - OKREŚLENIE RODZAJU/FORMY DOKUMENTU
Określenie rodzaju/formy dokumentu Podręczniki
700 1# - HASŁO DODATKOWE - NAZWA OSOBOWA
Nazwa osobowa WOOLFORD, Claire.
942 ## - DODATKOWE ELEMENTY (KOHA)
Typ dokumentu Książka
Egzemplarze
Wycofany Status egzemplarza Uszkodzony Dostępność Lokalizacja stała Lokalizacja bieżąca Miejsce przechowywania Sygnatura Kod kreskowy Typ dokumentu
      Dostępny Biblioteka Politechniki Koszalińskiej Biblioteka Politechniki Koszalińskiej Wypożyczalnia BG 40192 01264623 Książka
© 2023 Biblioteka Politechniki Koszalińskiej :: KOHA